| 000 | 01457nam a2200313 a 4500 | ||
|---|---|---|---|
| 001 | BRCA_3416 | ||
| 005 | 20190320204255.0 | ||
| 041 | _aeng | ||
| 044 | _aenk | ||
| 084 |
_a705 _b.N66 _c1930 |
||
| 100 | 1 |
_aCervantes Saavedra, Miguel de _d1547-1616 _9213 |
|
| 245 | 1 | 0 |
_aDon Quixote de la Mancha _bThe History of the Renowned Don Quixote de la Mancha _cWritten by Miguel de Cervantes Saavedra. |
| 260 |
_aLondres _bThe Nonesuch Press _c1930 |
||
| 300 |
_a2 v. _bil. en sepia _c24 cm. |
||
| 500 | _aContenido : v.1. Primera parte. Noticia sobre el autor. Prólogo de Cervantes. -- v.2. Segunda parte. Prólogo de Cervantes | ||
| 500 | _aEdición : Translation Revised and Corrected by J. Ozell,with 21 Illustrations by E. Mcknight Kauffer | ||
| 500 | _aTraducción de Motteux revisada, corregida y anotada por J. Ozell. Va adornada con ilustraciones de E. Mcknight Kauffer. Edición limitada. LLeva el número 531. Piel Lúdovik Osterc | ||
| 500 | _aQM1310 | ||
| 546 | _aTexto en : inglés | ||
| 650 | 1 | 4 |
_aNovela española _yÉpoca clásica, 1500-1700 _9215 |
| 650 | 1 | 4 |
_aLiteratura española _yÉpoca clásica, 1500-1700 _9216 |
| 650 | 1 | 4 |
_aNovela española _ySiglo XVII _9217 |
| 650 | 1 | 4 |
_aDon Quixote (Personaje ficticio) _eNovela _98965 |
| 700 | 1 |
_aOzell, John _d?-1743 _eEditor _98966 |
|
| 700 | 1 |
_aMcknight Kauffer, Edward _d1890-1954 _eIlustrador _98967 |
|
| 740 | 0 | _aEl Ingenioso Hidalgo Don Quijote de la Mancha | |
| 902 | _aQFM | ||
| 942 |
_2lcc _cB |
||
| 999 |
_c3152 _d3152 |
||